Statistics for Grand Theft Auto 3D Characters by quote

Click here to take the quiz!

General Stats

  • This quiz has been taken 55 times
  • The average score is 6 of 15

Answer Stats

HintAnswer% Correct
You picked the wrong house fool!Big Smoke
89%
I hate gravity!Carl Johnson
77%
...Claude
70%
I poke my head out of the gutter for one freaking second and fate shovels sh** in my face!Ken Rosenberg
62%
Bring $500,000 to the villa in Cedar GroveCatalina
57%
MARIA!! MOVE YOUR BUTT!!Salvatore Leone
55%
Noooooo! Vinnie!!!!Mike
40%
I know that you are here on the behalf of Mr. RosenbergJuan Cortez
32%
You work for me now!Ricardo Diaz
28%
A plane will take off from Francis Intl. Airport in 3 hours timeAsuka Kasen
26%
I run the Bit**in Dog Food factory around the cornerMarty Chonks
26%
Vinnie should consider himself lucky8-Ball
19%
You say I dont have guts? Ill show you I have gutsToni Cipriani
17%
Who needs details anyway?Joey Leone
15%
This is your foot in the door!Luigi Goterelli
9%

Score Distribution

Percentile by Number Answered

Percent of People with Each Score

Your Score History

You have not taken this quiz